[Event "OSREDNJA SLOVENSKA LIGA 2025"]
[Site "gostovanja"]
[Date "2025.09.18"]
[Round "1.8"]
[White "Lanjscek, Miha"]
[Black "Grdic, Vili"]
[Result "0-1"]
[WhiteElo "1842"]
[BlackElo "1744"]
[PlyCount "86"]
[EventDate "2025.09.18"]
[WhiteTeam "SK TRZIN"]
[BlackTeam "GIMNAZIJA KRANJ"]

1. d4 Nf6 2. c4 e6 3. Nc3 Bb4 4. Qc2 O-O 5. Bg5 d5 6. cxd5 exd5 7. Nf3 c6 8. e3
Qd6 9. Bd3 h6 10. Bf4 Qe7 11. O-O-O b6 12. h3 Ba6 13. Nd2 Bxd3 14. Qxd3 Nbd7
15. g4 Bxc3 16. Qxc3 Ne4 17. Nxe4 dxe4 18. Kb1 Rfc8 19. Rhf1 Nf6 20. g5 Nd5 21.
Qd2 hxg5 22. Be5 Qe6 23. f3 Qg6 24. f4 f6 25. f5 Qh6 26. Bg3 Qxh3 27. Qf2 Kf7
28. Rc1 Nb4 29. Rc3 Qg4 30. a3 Nd3 31. Qg2 b5 32. Rg1 Qxf5 33. Bd6 Qe6 34. Qg3
Rh8 35. Rf1 Rac8 36. Bc5 a5 37. Rc2 Rh5 38. Rh2 Rch8 39. Qc7+ Kg6 40. Rxh5 Rxh5
41. Bf8 Rh7 42. Rd1 Qb3 43. Qxc6 Qxb2# 0-1

[Event "OSREDNJA SLOVENSKA LIGA 2025"]
[Site "gostovanja"]
[Date "2025.09.18"]
[Round "1.8"]
[White "Kocjancic, Luka"]
[Black "Konvalinka, Kostja"]
[Result "1-0"]
[WhiteElo "1588"]
[BlackElo "1704"]
[PlyCount "113"]
[EventDate "2025.09.18"]
[WhiteTeam "GIMNAZIJA KRANJ"]
[BlackTeam "SK TRZIN"]

1. d4 Nf6 2. c4 e6 3. Nc3 d5 4. Bf4 c5 5. e3 cxd4 6. exd4 Be7 7. Nf3 O-O 8. c5
a6 9. Bd3 b6 10. b4 a5 11. Na4 bxc5 12. bxc5 Na6 13. Ne5 Nb4 14. Bb5 Ba6 15.
Bxa6 Rxa6 16. Nb6 Qe8 17. O-O Nc6 18. Qd3 Nb4 19. Qe2 Ra7 20. Rab1 Nc6 21. Nxc6
Qxc6 22. h3 Ne4 23. Rfc1 Nf6 24. Rb5 Bd8 25. f3 Be7 26. Rcb1 Nd7 27. Qd2 Bf6
28. Bd6 Rd8 29. a4 g6 30. Rd1 Nxb6 31. cxb6 Rb7 32. Bc7 Ra8 33. Rxa5 Rxa5 34.
Qxa5 Kg7 35. Qb4 Qc2 36. Rd2 Qc1+ 37. Kh2 Qf1 38. a5 h5 39. Qc3 Qb5 40. Ra2 Qa6
41. Ra3 Be7 42. Qd3 Qa8 43. Ra2 Bd8 44. a6 Bxc7+ 45. bxc7 Rxc7 46. Qe3 Ra7 47.
Qe5+ Kg8 48. Rb2 f6 49. Rb8+ Kf7 50. Rxa8 fxe5 51. Rxa7+ Kf6 52. dxe5+ Kxe5 53.
Rd7 d4 54. a7 d3 55. a8=Q d2 56. Qe4+ Kf6 57. Qf4# 1-0

[Event "OSREDNJA SLOVENSKA LIGA 2025"]
[Site "gostovanja"]
[Date "2025.09.25"]
[Round "2.1"]
[White "Gantar, Jan"]
[Black "Medvesek, Janez"]
[Result "1-0"]
[WhiteElo "2178"]
[BlackElo "1962"]
[PlyCount "65"]
[EventDate "2025.09.18"]
[WhiteTeam "SK KOMENDA POPOTNIK"]
[BlackTeam "SK VISNJA GORA 1"]

1. e4 c6 2. d4 d5 3. exd5 cxd5 4. Bd3 Nc6 5. c3 Nf6 6. h3 e5 7. dxe5 Nxe5 8.
Be2 Bc5 9. Nf3 Ng6 10. O-O O-O 11. Bg5 Be6 12. Nd4 h6 13. Be3 Bd7 14. Ne6 Bxe6
15. Bxc5 Re8 16. Nd2 Qc7 17. Bd4 Ne4 18. Re1 Nf4 19. Bf1 Bf5 20. Nf3 Ne6 21.
Be3 Rad8 22. Nd4 Nxd4 23. Qxd4 a6 24. a4 Kh7 25. Rad1 Nf6 26. Bf4 Qc6 27. Be5
Bc2 28. Rc1 Bb3 29. Bd3+ Kg8 30. a5 Re6 31. Bf5 Ree8 32. Re3 Nh5 33. Qh4 1-0

[Event "OSREDNJA SLOVENSKA LIGA 2025"]
[Site "gostovanja"]
[Date "2025.09.25"]
[Round "2.1"]
[White "Baric, Dusan"]
[Black "Lucovnik, Tilen"]
[Result "0-1"]
[WhiteElo "1934"]
[BlackElo "2154"]
[PlyCount "76"]
[EventDate "2025.09.18"]
[WhiteTeam "SK VISNJA GORA 1"]
[BlackTeam "SK KOMENDA POPOTNIK"]

1. e4 d6 2. d4 Nf6 3. Nc3 e5 4. dxe5 dxe5 5. Qxd8+ Kxd8 6. Bg5 Be6 7. Nf3 Nbd7
8. a3 c6 9. O-O-O Kc7 10. h3 Bd6 11. Nd2 b5 12. f4 exf4 13. Nf3 a6 14. e5 Nxe5
15. Bxf4 Nd3+ 16. Bxd3 Bxf4+ 17. Kb1 Rad8 18. Rhf1 h6 19. Nh4 Be5 20. Ne2 Nd5
21. Rf3 Rhe8 22. Rdf1 Bf6 23. Nf5 Bxf5 24. Rxf5 Ne3 25. Rxf6 gxf6 26. Rxf6 Nxg2
27. Nc3 Rd6 28. Rxf7+ Kb6 29. Ne4 Rde6 30. Nf6 R6e7 31. Nd7+ Kc7 32. Rf2 Rxd7
33. Rxg2 Re3 34. Bf5 Rf7 35. Bg4 Re1+ 36. Ka2 Re5 37. Rd2 h5 38. Bd1 Rd7 0-1

[Event "OSREDNJA SLOVENSKA LIGA 2025"]
[Site "gostovanja"]
[Date "2025.09.25"]
[Round "2.1"]
[White "Zidar, Jernej"]
[Black "Vidonja, Taja"]
[Result "1-0"]
[WhiteElo "2036"]
[BlackElo "1722"]
[PlyCount "103"]
[EventDate "2025.09.18"]
[WhiteTeam "SK KOMENDA POPOTNIK"]
[BlackTeam "SK VISNJA GORA 1"]

1. d4 d5 2. c4 e6 3. Nf3 Nf6 4. g3 c6 5. Bg2 Bd6 6. O-O O-O 7. Qc2 Nbd7 8. Nc3
b6 9. e4 dxe4 10. Nxe4 Nxe4 11. Qxe4 Qc7 12. Ng5 Nf6 13. Qxc6 Qxc6 14. Bxc6 Rb8
15. Be3 Ng4 16. Ne4 Nxe3 17. fxe3 Be7 18. d5 exd5 19. cxd5 Rd8 20. Rad1 Bb7 21.
Bxb7 Rxb7 22. Rd3 g6 23. Rc1 Rbd7 24. d6 Kg7 25. dxe7 Rxd3 26. exd8=Q Rxd8 27.
Rc7 h6 28. Rxa7 Rd1+ 29. Kg2 Rb1 30. b3 Rb2+ 31. Nf2 Rc2 32. Rb7 Rxa2 33. Rxb6
f5 34. h3 h5 35. Rb8 Rb2 36. b4 g5 37. b5 Kf7 38. b6 Ke7 39. b7 Kd7 40. Rg8
Rxb7 41. Rg7+ Kc6 42. Rxb7 Kxb7 43. e4 fxe4 44. Nxe4 g4 45. h4 Kc6 46. Nf6 Kd6
47. Nxh5 Ke5 48. Nf4 Kf5 49. Kf2 Ke4 50. Ng2 Kf5 51. Ne3+ Kg6 52. Nxg4 1-0

[Event "OSREDNJA SLOVENSKA LIGA 2025"]
[Site "gostovanja"]
[Date "2025.09.25"]
[Round "2.1"]
[White "Zunic, Bostjan"]
[Black "Cimperman, Teo"]
[Result "0-1"]
[WhiteElo "1617"]
[BlackElo "1661"]
[PlyCount "140"]
[EventDate "2025.09.18"]
[WhiteTeam "SK VISNJA GORA 1"]
[BlackTeam "SK KOMENDA POPOTNIK"]

1. e4 c5 2. Nf3 Nc6 3. Bb5 g6 4. O-O Bg7 5. Nc3 Nf6 6. e5 Ng8 7. Bxc6 dxc6 8.
d3 Qc7 9. Bf4 e6 10. Ne4 Bf8 11. Bg3 b6 12. c3 Ba6 13. Re1 Be7 14. d4 cxd4 15.
Nxd4 c5 16. Qa4+ Qd7 17. Qxa6 cxd4 18. cxd4 Nh6 19. Nf6+ Bxf6 20. exf6 O-O 21.
Rad1 Rfd8 22. h3 Nf5 23. Be5 Qd5 24. Qa4 Nh4 25. f3 Rdc8 26. Rc1 a5 27. Bg3
Rxc1 28. Rxc1 Qg5 29. Bxh4 Qxc1+ 30. Kh2 Qf4+ 31. Bg3 Qxf6 32. Be5 Qd8 33. Qc6
Rc8 34. Qe4 f6 35. Bg3 Qd7 36. Qf4 Kg7 37. a3 Rc4 38. Qb8 b5 39. Qb6 a4 40. Be1
Rxd4 41. Bb4 Rc4 42. Qb8 Qc7+ 43. Qxc7+ Rxc7 44. Kg3 e5 45. h4 Kf7 46. Bc3 Ke6
47. Kf2 Kd5 48. Ke3 Kc4 49. Ke4 Kb3 50. g4 Rxc3 51. bxc3 Kxa3 52. g5 f5+ 53.
Kxe5 Kb3 54. Kf6 a3 55. Kg7 a2 56. Kxh7 a1=Q 57. Kxg6 f4 58. h5 Qxc3 59. h6 Kc4
60. h7 b4 61. Kf7 Qh8 62. g6 b3 63. g7 Qxh7 64. Kf8 Qf5+ 65. Ke7 Qg6 66. Kf8
Qf6+ 67. Kg8 b2 68. Kh7 Qf7 69. Kh8 b1=R 70. g8=Q Rh1+ 0-1

[Event "OSREDNJA SLOVENSKA LIGA 2025"]
[Site "gostovanja"]
[Date "2025.09.25"]
[Round "2.2"]
[White "Cepon, Dusan"]
[Black "Markoja Jeraj, Sebastijan"]
[Result "1/2-1/2"]
[WhiteElo "2070"]
[BlackElo "2212"]
[PlyCount "120"]
[EventDate "2025.09.18"]
[WhiteTeam "SK LOSKA DOLINA"]
[BlackTeam "SK DOL PRI LJUBLJANI"]

1. d4 Nf6 2. Nf3 g6 3. g3 Bg7 4. Bg2 O-O 5. O-O d6 6. b3 Nbd7 7. Bb2 Ne4 8.
Nfd2 Nxd2 9. Qxd2 Nf6 10. c4 d5 11. cxd5 Nxd5 12. e4 Nb6 13. d5 Bxb2 14. Qxb2
e6 15. dxe6 Bxe6 16. Nc3 c6 17. Ne2 f6 18. Rad1 Qe7 19. Rd2 Rad8 20. Rfd1 Nc8
21. f3 c5 22. Nf4 Bf7 23. Qc3 b6 24. Bf1 Nd6 25. Nd5 Bxd5 26. Rxd5 Nf7 27. Bc4
Kg7 28. Kg2 Rxd5 29. Rxd5 Rd8 30. Qd2 Rxd5 31. Qxd5 Ne5 32. h3 g5 33. Kf2 Ng6
34. Qg8+ Kh6 35. Qd5 Ne5 36. Ke3 Qd7 37. Qxd7 Nxd7 38. f4 Kg7 39. Bb5 Nf8 40.
fxg5 fxg5 41. e5 Ne6 42. Ke4 Nd4 43. Bd3 Kf7 44. Kd5 Ke7 45. Bxh7 Ne2 46. h4
Nxg3 47. hxg5 Nh5 48. Bf5 Ng7 49. Bg4 Kf7 50. Kd6 Kg6 51. Bd7 Kxg5 52. Kc7 Kf4
53. e6 b5 54. Bxb5 Nxe6+ 55. Kd6 Nd4 56. Bc4 Nc2 57. Kxc5 Ke3 58. a4 a5 59. Kb6
Kd4 60. Kb5 Nb4 1/2-1/2

[Event "OSREDNJA SLOVENSKA LIGA 2025"]
[Site "gostovanja"]
[Date "2025.09.25"]
[Round "2.2"]
[White "Azinovic, Igor"]
[Black "Mulec, Dejan"]
[Result "1/2-1/2"]
[WhiteElo "1792"]
[BlackElo "1724"]
[PlyCount "114"]
[EventDate "2025.09.18"]
[WhiteTeam "SK DOL PRI LJUBLJANI"]
[BlackTeam "SK LOSKA DOLINA"]

1. e4 c5 2. Nf3 g6 3. d4 cxd4 4. Nxd4 Nc6 5. c4 Nf6 6. Nc3 d6 7. Be2 Bg7 8. Be3
Nxd4 9. Bxd4 O-O 10. O-O Qa5 11. Qc2 Be6 12. Rad1 Rfc8 13. b3 a6 14. Qb2 b5 15.
cxb5 axb5 16. Bxb5 Rxc3 17. Bxc3 Qxb5 18. Rfe1 Nh5 19. Bxg7 Nxg7 20. Rc1 Qa5
21. Ra1 Nh5 22. b4 Qb5 23. Qd2 Nf6 24. a3 Nd7 25. Qc3 Ne5 26. a4 Rxa4 27. Rxa4
Qxa4 28. Ra1 Qb3 29. Qxb3 Bxb3 30. b5 Nd7 31. Ra7 Be6 32. Rb7 Kg7 33. b6 Nxb6
34. Rxb6 Kf6 35. f3 h6 36. Kf2 Bc4 37. Ke3 g5 38. Kd4 Bf1 39. g3 Bg2 40. Ke3
Bf1 41. f4 gxf4+ 42. gxf4 h5 43. Kd4 h4 44. e5+ Ke6 45. exd6 exd6 46. Rb1 Bg2
47. Rb2 h3 48. Rf2 Kf5 49. Ke3 d5 50. Ra2 f6 51. Ra6 Bf1 52. Rd6 Bg2 53. Rb6
Bf1 54. Rb8 Bg2 55. Rh8 d4+ 56. Kxd4 Kxf4 57. Rf8 f5 1/2-1/2

[Event "OSREDNJA SLOVENSKA LIGA 2025"]
[Site "gostovanja"]
[Date "2025.09.25"]
[Round "2.2"]
[White "Soba, Franc"]
[Black "Kosem, Rok"]
[Result "1/2-1/2"]
[WhiteElo "1511"]
[BlackElo "1765"]
[PlyCount "91"]
[EventDate "2025.09.18"]
[WhiteTeam "SK LOSKA DOLINA"]
[BlackTeam "SK DOL PRI LJUBLJANI"]

1. d4 Nf6 2. c4 e6 3. Nf3 Bb4+ 4. Bd2 Qe7 5. g3 Nc6 6. Bg2 O-O 7. O-O Bxd2 8.
Qxd2 Ne4 9. Qc2 f5 10. Nc3 Nf6 11. e4 fxe4 12. Nxe4 d6 13. a3 e5 14. dxe5 Nxe5
15. Nxf6+ Qxf6 16. Nxe5 Qxe5 17. Rae1 Qf6 18. Qb3 c6 19. Re3 Be6 20. Rf3 Qe7
21. Qe3 Qd7 22. b3 Rfe8 23. Qd2 Bf5 24. Re3 Rxe3 25. Qxe3 Qe6 26. Qxe6+ Bxe6
27. Re1 Kf7 28. f4 Re8 29. Kf2 Bf5 30. Rxe8 Kxe8 31. Ke3 Ke7 32. Be4 Ke6 33.
Bxf5+ Kxf5 34. h3 h5 35. Kf3 a6 36. g4+ hxg4+ 37. hxg4+ Ke6 38. Ke4 b5 39. f5+
Kf6 40. Kf4 bxc4 41. g5+ Ke7 42. bxc4 Kf7 43. Ke4 Ke7 44. a4 a5 45. Kd4 Kd7 46.
Ke4 1/2-1/2

[Event "OSREDNJA SLOVENSKA LIGA 2025"]
[Site "gostovanja"]
[Date "2025.09.25"]
[Round "2.3"]
[White "Babarovic, Fran"]
[Black "Bohorc, Edo"]
[Result "1-0"]
[WhiteElo "1901"]
[BlackElo "1983"]
[PlyCount "73"]
[EventDate "2025.09.18"]
[WhiteTeam "SK KOMENDA POGI"]
[BlackTeam "SD CRNI GRABEN"]

1. e4 e6 2. d4 d5 3. Nc3 dxe4 4. Nxe4 Nd7 5. Nf3 Be7 6. Bd3 Ngf6 7. c3 O-O 8.
O-O Nxe4 9. Bxe4 Nf6 10. Bc2 b6 11. Ne5 Bb7 12. Bg5 c5 13. dxc5 bxc5 14. Bxf6
Qxd1 15. Raxd1 Bxf6 16. Nd7 Rfc8 17. Nxf6+ gxf6 18. Rfe1 Rd8 19. f3 h6 20. Kf2
Kf8 21. Be4 Bxe4 22. Rxd8+ Rxd8 23. Rxe4 Ke7 24. Ke2 f5 25. Ra4 Rd7 26. Rh4 a5
27. Rxh6 c4 28. Rh4 Rb7 29. a4 Rxb2+ 30. Kf1 Ra2 31. Rxc4 Kd6 32. h4 Kd5 33.
Rd4+ Kc5 34. h5 Rc2 35. Rh4 Rxc3 36. h6 Kd5 37. h7 1-0

[Event "OSREDNJA SLOVENSKA LIGA 2025"]
[Site "gostovanja"]
[Date "2025.09.25"]
[Round "2.3"]
[White "Skok, Boris"]
[Black "Macek, Inti"]
[Result "1/2-1/2"]
[WhiteElo "1945"]
[BlackElo "1920"]
[PlyCount "54"]
[EventDate "2025.09.18"]
[WhiteTeam "SD CRNI GRABEN"]
[BlackTeam "SK KOMENDA POGI"]

1. d4 d5 2. c4 e6 3. Nc3 Nf6 4. Nf3 dxc4 5. e3 c5 6. Bxc4 a6 7. a4 Nc6 8. O-O
Be7 9. Qe2 cxd4 10. Rd1 Qc7 11. exd4 O-O 12. Bg5 Rd8 13. Rac1 Nd5 14. Qe4 Qd6
15. Bd3 f5 16. Qh4 Bxg5 17. Nxg5 h6 18. Nf3 Qf4 19. Be2 Qxh4 20. Nxh4 Bd7 21.
Bc4 Ncb4 22. a5 Rac8 23. b3 Be8 24. Re1 Bf7 25. g3 g5 26. Nf3 Kg7 27. Ne5 Kf6
1/2-1/2

[Event "OSREDNJA SLOVENSKA LIGA 2025"]
[Site "gostovanja"]
[Date "2025.09.25"]
[Round "2.3"]
[White "Zagar, Katarina"]
[Black "Osolin, Bogdan"]
[Result "0-1"]
[WhiteElo "1542"]
[BlackElo "1904"]
[PlyCount "90"]
[EventDate "2025.09.18"]
[WhiteTeam "SK KOMENDA POGI"]
[BlackTeam "SD CRNI GRABEN"]

1. d4 Nf6 2. c4 c5 3. d5 b5 4. cxb5 a6 5. bxa6 Bxa6 6. Nc3 d6 7. e4 Bxf1 8.
Kxf1 g6 9. g3 Bg7 10. Kg2 O-O 11. Nf3 Nfd7 12. Qc2 Nb6 13. Bf4 N8d7 14. Qe2 Na4
15. Nxa4 Rxa4 16. a3 Re8 17. Rhd1 Qc7 18. Rac1 Rb8 19. Rc2 Rb3 20. Rd3 Qb7 21.
Rxb3 Qxb3 22. Bc1 h6 23. Rd2 Nf6 24. e5 dxe5 25. Rd3 Qb5 26. Rd2 Qb7 27. Qd1
Ra6 28. Qe2 e4 29. Ne5 Nxd5 30. Rxd5 Qxd5 31. Qxa6 Bxe5 32. Qe2 g5 33. Be3 f5
34. Kf1 Kh7 35. Qc2 Bd6 36. Qd2 Qc6 37. Qc3 f4 38. Bd2 Qb5+ 39. Ke1 Kg6 40. Qc2
Qb7 41. gxf4 gxf4 42. f3 Kf5 43. Kf2 Be5 44. Qxc5 e3+ 45. Bxe3 Qxb2+ 0-1

[Event "OSREDNJA SLOVENSKA LIGA 2025"]
[Site "gostovanja"]
[Date "2025.09.25"]
[Round "2.3"]
[White "Majcen, Zoran"]
[Black "Perme, Stanko"]
[Result "1-0"]
[WhiteElo "1904"]
[BlackElo "1496"]
[PlyCount "56"]
[EventDate "2025.09.18"]
[WhiteTeam "SD CRNI GRABEN"]
[BlackTeam "SK KOMENDA POGI"]

1. e4 e5 2. d4 exd4 3. Qxd4 Nc6 4. Qe3 Nf6 5. Bd2 Be7 6. Nc3 b6 7. O-O-O Bb7 8.
e5 Ng4 9. Qg3 h5 10. Nf3 Bc5 11. Ne4 Qe7 12. h3 Ngxe5 13. Qxg7 O-O-O 14. Bg5
Qe6 15. Bxd8 Rxd8 16. Nxc5 bxc5 17. Nxe5 Nxe5 18. Kb1 Nc6 19. c3 Qf5+ 20. Bd3
Qf4 21. Qg3 Qa4 22. Qg5 Na5 23. Qxc5 Kb8 24. Bc2 Be4 25. Qb4+ Qxb4 26. cxb4
Bxc2+ 27. Kxc2 Nc6 28. Kc3 d5 1-0

[Event "OSREDNJA SLOVENSKA LIGA 2025"]
[Site "gostovanja"]
[Date "2025.09.25"]
[Round "2.4"]
[White "Bajec, Borut"]
[Black "Sajovic, Marko"]
[Result "0-1"]
[WhiteElo "1727"]
[BlackElo "2030"]
[PlyCount "78"]
[EventDate "2025.09.18"]
[WhiteTeam "SK TRZIN"]
[BlackTeam "SK MEDVODE"]

1. d4 d5 2. Nf3 e6 3. c4 Nf6 4. Nc3 b6 5. e3 Bb7 6. Bd3 c5 7. cxd5 Nxd5 8. O-O
cxd4 9. exd4 a6 10. Ne5 Nc6 11. Nxc6 Bxc6 12. Qg4 Nf6 13. Qh4 Be7 14. Be3 b5
15. a3 h6 16. Qg3 g5 17. f3 Rc8 18. Rac1 Rg8 19. Ne4 Nd5 20. Qf2 f5 21. Nc5 Kf7
22. Rfe1 Bf6 23. b4 Nxe3 24. Rxe3 Bxd4 25. Bxf5 exf5 26. Ne6 f4 27. Nxd8+ Rgxd8
28. Rce1 fxe3 29. Qe2 Bf6 30. Kh1 Re8 31. Qd3 Rcd8 32. Qh7+ Bg7 33. h3 Bd5 34.
h4 gxh4 35. f4 Bc4 36. f5 Rd6 37. Kh2 e2 38. g4 hxg3+ 39. Kxg3 Rh8 0-1

[Event "OSREDNJA SLOVENSKA LIGA 2025"]
[Site "gostovanja"]
[Date "2025.09.25"]
[Round "2.4"]
[White "Rici, Jurij"]
[Black "Konvalinka, Kostja"]
[Result "0-1"]
[WhiteElo "1900"]
[BlackElo "1704"]
[PlyCount "142"]
[EventDate "2025.09.18"]
[WhiteTeam "SK MEDVODE"]
[BlackTeam "SK TRZIN"]

1. e4 c5 2. Nf3 d6 3. d4 cxd4 4. Nxd4 Nf6 5. Nc3 g6 6. Be2 Bg7 7. O-O O-O 8.
Bf3 a6 9. Re1 Nfd7 10. g3 Nc6 11. Nce2 Nxd4 12. Nxd4 Nf6 13. c3 Rb8 14. Be3 Bh3
15. Ne2 Qd7 16. Nf4 Bg4 17. Nd5 Bxf3 18. Qxf3 b5 19. Rad1 Rfe8 20. Nxf6+ Bxf6
21. Bc1 Qh3 22. Bf4 Rbc8 23. Qe2 Rc5 24. Rd5 Rec8 25. Red1 Qe6 26. Qf3 Rc4 27.
Re1 R8c5 28. Bd2 Rc8 29. a3 R4c5 30. Kg2 Rc4 31. Qd3 R4c5 32. f3 R8c7 33. Rxc5
Rxc5 34. a4 Qc4 35. Qxc4 Rxc4 36. axb5 axb5 37. Kf2 Ra4 38. Re2 Ra2 39. Bc1 Kf8
40. Ke1 Ke8 41. Kd1 Kd7 42. Kc2 Kc6 43. Kb3 Ra4 44. h4 Ra1 45. Kc2 h5 46. Rd2
Bg7 47. Rh2 Be5 48. Rg2 Bf6 49. g4 hxg4 50. Rxg4 Ra5 51. Bg5 Bxg5 52. Rxg5 Ra7
53. h5 gxh5 54. Rxh5 f6 55. Rh7 d5 56. Kd3 dxe4+ 57. Kxe4 Kd6 58. Rh2 Ke6 59.
Kd4 Kd6 60. Rh5 Rb7 61. Rd5+ Kc6 62. Rc5+ Kd6 63. b4 Rb8 64. f4 e6 65. f5 exf5
66. Rxf5 Ke6 67. Rc5 Rb7 68. Ke4 Rb6 69. Rc7 Rb8 70. Rc6+ Ke7 71. Kf5 Rh8 0-1

[Event "OSREDNJA SLOVENSKA LIGA 2025"]
[Site "gostovanja"]
[Date "2025.09.25"]
[Round "2.4"]
[White "Banko, Franci"]
[Black "Porenta, Matija"]
[Result "0-1"]
[WhiteElo "1628"]
[BlackElo "1831"]
[PlyCount "38"]
[EventDate "2025.09.18"]
[WhiteTeam "SK TRZIN"]
[BlackTeam "SK MEDVODE"]

1. e4 c5 2. f4 d6 3. Nf3 Nf6 4. Nc3 Nc6 5. Be2 e6 6. O-O Be7 7. e5 dxe5 8. fxe5
Ng4 9. Bb5 Bd7 10. Bxc6 Bxc6 11. h3 h5 12. hxg4 hxg4 13. Nh2 Qd4+ 14. Rf2 g3
15. Ng4 gxf2+ 16. Nxf2 Bh4 17. Qe2 Bxf2+ 18. Qxf2 Rh1+ 19. Kxh1 Qxf2 0-1

[Event "OSREDNJA SLOVENSKA LIGA 2025"]
[Site "gostovanja"]
[Date "2025.09.25"]
[Round "2.4"]
[White "Krupenko, Katja"]
[Black "Slebir, Miha"]
[Result "0-1"]
[WhiteElo "1696"]
[BlackElo "1718"]
[PlyCount "196"]
[EventDate "2025.09.18"]
[WhiteTeam "SK MEDVODE"]
[BlackTeam "SK TRZIN"]

1. d4 d5 2. c4 e6 3. Nc3 Be7 4. Nf3 Nf6 5. Bf4 a6 6. e3 O-O 7. Bd3 c5 8. O-O
dxc4 9. Bxc4 b5 10. Be2 Bb7 11. dxc5 Bxc5 12. Rc1 Bb6 13. Qb3 Qe7 14. Rfd1 Rd8
15. Bg5 Nbd7 16. e4 b4 17. Na4 Bxe4 18. Nxb6 Nxb6 19. Rxd8+ Rxd8 20. Bxa6 Bd5
21. Qe3 Nbd7 22. Qa7 Bxf3 23. gxf3 h6 24. Be3 Nd5 25. Bc4 Nxe3 26. Qxe3 Qf6 27.
Rd1 Nf8 28. Rxd8 Qxd8 29. a3 bxa3 30. bxa3 Qa5 31. Qb3 Qe1+ 32. Kg2 Ng6 33.
Qb8+ Kh7 34. Bd3 f5 35. a4 Qd2 36. Bb5 f4 37. Qa8 Nh4+ 38. Kg1 Qd1+ 39. Bf1
Nxf3+ 40. Kg2 Ne1+ 41. Kh1 Nf3 42. Qe4+ Kh8 43. Qe2 Qxe2 44. Bxe2 Nd4 45. Bc4
e5 46. a5 Nc6 47. a6 g5 48. Kg2 Kg7 49. Bd5 Na7 50. Kf3 Kf6 51. Kg4 Kg6 52.
Be4+ Kf6 53. Kh5 Kg7 54. f3 Nb5 55. Bc6 Na7 56. Bd7 Kh7 57. h4 gxh4 58. Kxh4
Kg6 59. Be8+ Kf5 60. Kh5 Kf6 61. Kxh6 Nc8 62. Bc6 Na7 63. Bb7 Nb5 64. Kh7 Kf7
65. Bd5+ Kf6 66. Kg8 Ke7 67. Kg7 Na7 68. Kg6 Kd6 69. Be4 Ke6 70. Kg5 Nb5 71.
Bd3 Na7 72. Bc4+ Ke7 73. Kf5 Kd6 74. Bd3 Kd5 75. Be4+ Kd6 76. Kf6 Nb5 77. Kf7
Kd7 78. Bf5+ Kd6 79. Ke8 Nc7+ 80. Kf7 Nxa6 81. Kf6 Nc5 82. Kg5 Kd5 83. Kg4 Kd4
84. Kh3 Ke3 85. Kg2 Nd3 86. Kf1 Nf2 87. Bg4 Nd3 88. Bh5 Nc5 89. Bg4 Nb3 90. Bh5
Nd4 91. Kg2 Ke2 92. Bg4 Nc2 93. Kg1 Ne1 94. Bh5 Nxf3+ 95. Kg2 e4 96. Bg4 Ke3
97. Bxf3 exf3+ 98. Kf1 f2 0-1

[Event "OSREDNJA SLOVENSKA LIGA 2025"]
[Site "gostovanja"]
[Date "2025.09.25"]
[Round "2.5"]
[White "Pisek, Igor"]
[Black "Veskovic, Dzemal"]
[Result "1-0"]
[WhiteElo "1842"]
[BlackElo "1885"]
[PlyCount "97"]
[EventDate "2025.09.18"]
[WhiteTeam "SK VISNJA GORA 2"]
[BlackTeam "SD MENGES - TRZIN"]

1. e4 e6 2. d4 d6 3. Nf3 Be7 4. Bd3 c6 5. O-O Nd7 6. c4 e5 7. d5 c5 8. Qa4 Ngf6
9. a3 O-O 10. Nc3 a6 11. h3 h6 12. Be3 Nh7 13. b4 b6 14. Rab1 Ng5 15. Nh2 Nf6
16. Rb2 Bd7 17. Qc2 Nh5 18. Ne2 Bf6 19. bxc5 bxc5 20. Rfb1 Nf4 21. Rb6 Bb5 22.
cxb5 Qxb6 23. bxa6 Qa5 24. Nxf4 exf4 25. Bxf4 Be5 26. Bxe5 dxe5 27. a4 Rab8 28.
Bb5 Qb6 29. h4 Nh7 30. Nf3 f6 31. Qc4 Kh8 32. Rc1 Rfc8 33. Qd3 Rd8 34. Nd2 Nf8
35. Nc4 Qa7 36. Na5 Rbc8 37. Nc6 Rxc6 38. Bxc6 Ne6 39. Rb1 Nf4 40. Qb5 c4 41.
Qxc4 Rb8 42. Rxb8+ Qxb8 43. Bb7 Qa7 44. d6 Qb6 45. d7 Qb1+ 46. Kh2 Qd1 47. Qc8+
Kh7 48. d8=Q Qf1 49. Qf5+ 1-0

[Event "OSREDNJA SLOVENSKA LIGA 2025"]
[Site "gostovanja"]
[Date "2025.09.25"]
[Round "2.5"]
[White "Sedlar, Tomo"]
[Black "Mirtic, Lovro"]
[Result "1-0"]
[WhiteElo "1871"]
[BlackElo "1879"]
[PlyCount "172"]
[EventDate "2025.09.18"]
[WhiteTeam "SD MENGES - TRZIN"]
[BlackTeam "SK VISNJA GORA 2"]

1. d4 d5 2. c4 c6 3. Nc3 Nf6 4. Bf4 Bf5 5. Qb3 Qb6 6. Qxb6 axb6 7. cxd5 Nxd5 8.
Nxd5 cxd5 9. e3 Nc6 10. a3 g6 11. Bc7 Bg7 12. Bxb6 e5 13. Nf3 O-O 14. Bb5 Be4
15. O-O Bxf3 16. gxf3 exd4 17. Bxc6 bxc6 18. Bxd4 Bxd4 19. exd4 Ra4 20. Rfd1
Rb8 21. Rd2 Kf8 22. Rc1 Rb6 23. Re1 h5 24. f4 f6 25. h4 Kf7 26. Kg2 Rb7 27. Kf3
Rb8 28. Re3 Rc4 29. b3 Rc1 30. Kg2 Ra1 31. b4 Rc1 32. Rdd3 Rc4 33. Kf3 Rb6 34.
Ke2 Ra6 35. Kd2 Ra8 36. Re1 Rg8 37. Rc1 Rd8 38. Rcc3 Ke6 39. Rxc4 dxc4 40. Re3+
Kd5 41. Kc3 Ra8 42. Kb2 Kxd4 43. Re6 Kd5 44. Rxf6 Re8 45. Rxg6 Re2+ 46. Kc3
Rxf2 47. Rg5+ Kd6 48. Rxh5 Rxf4 49. a4 Kc7 50. Rh6 Kb7 51. h5 Rh4 52. Rh7+ Ka6
53. h6 Kb6 54. a5+ Ka6 55. Rh8 Ka7 56. h7 Kb7 57. a6+ Ka7 58. Rc8 Rxh7 59. Rxc6
Rh1 60. b5 Rc1+ 61. Kb4 Rb1+ 62. Kxc4 Rc1+ 63. Kd5 Rd1+ 64. Kc5 Rc1+ 65. Kd6
Rd1+ 66. Kc7 Rb1 67. Rc5 Rb2 68. Kc6 Rb1 69. Rc3 Rb2 70. Kc5 Rb1 71. Kc4 Kb6
72. Rb3 Rc1+ 73. Kb4 Rc5 74. a7 Rc8 75. Ra3 Ra8 76. Ra6+ Kb7 77. Kc5 Rc8+ 78.
Rc6 Rh8 79. b6 Rh5+ 80. Kb4 Rh8 81. Kb5 Rh5+ 82. Rc5 Rxc5+ 83. Kxc5 Ka8 84. Kd6
Kb7 85. a8=Q+ Kxa8 86. Kc5 Kb7 1-0

[Event "OSREDNJA SLOVENSKA LIGA 2025"]
[Site "gostovanja"]
[Date "2025.09.25"]
[Round "2.5"]
[White "Miceli, Dario Edgardo"]
[Black "Simicak, Metod"]
[Result "1/2-1/2"]
[WhiteElo "1756"]
[BlackElo "1875"]
[PlyCount "97"]
[EventDate "2025.09.18"]
[WhiteTeam "SK VISNJA GORA 2"]
[BlackTeam "SD MENGES - TRZIN"]

1. d4 e6 2. e3 b6 3. e4 Bb7 4. Bd3 h5 5. Nh3 Be7 6. O-O d6 7. f4 Nd7 8. e5 c5
9. c3 Qc7 10. Qe2 O-O-O 11. Ba6 Bxa6 12. Qxa6+ Qb7 13. Qxb7+ Kxb7 14. Nd2 cxd4
15. cxd4 f5 16. exd6 Bf6 17. Nf3 Nf8 18. Ne5 Rh7 19. Bd2 Rxd6 20. Bb4 Rd8 21.
Rfd1 Ne7 22. Bxe7 Bxe7 23. Nf7 Rd5 24. Nhg5 Bxg5 25. Nxg5 Rh6 26. Rac1 Rf6 27.
Rc2 Nd7 28. Nf3 Rf8 29. Rdc1 Rd8 30. Rc7+ Ka6 31. Kf2 g6 32. a4 Nf6 33. b4 R8d7
34. Ne5 Ng4+ 35. Nxg4 hxg4 36. Rxd7 Rxd7 37. Ke3 Kb7 38. b5 Rd6 39. h3 gxh3 40.
gxh3 Rd7 41. Rg1 Rh7 42. d5 Rxh3+ 43. Kd4 exd5 44. Rxg6 Ra3 45. Kxd5 Rxa4 46.
Rg7+ Kc8 47. Kd6 Rd4+ 48. Kc6 Rc4+ 49. Kd6 1/2-1/2

[Event "OSREDNJA SLOVENSKA LIGA 2025"]
[Site "gostovanja"]
[Date "2025.09.25"]
[Round "2.5"]
[White "Ocepek, Marjan"]
[Black "Ivanjko, Zan"]
[Result "1/2-1/2"]
[WhiteElo "1720"]
[BlackElo "1719"]
[PlyCount "159"]
[EventDate "2025.09.18"]
[WhiteTeam "SD MENGES - TRZIN"]
[BlackTeam "SK VISNJA GORA 2"]

1. c4 Nf6 2. Nc3 g6 3. d4 Bg7 4. Nf3 d6 5. e4 Nbd7 6. Bd3 O-O 7. O-O e5 8. d5
Nc5 9. Bc2 a5 10. h3 Bd7 11. a3 a4 12. Be3 b6 13. Bxc5 bxc5 14. Re1 Nh5 15. Ne2
f5 16. Kh2 f4 17. Qd3 g5 18. g4 Nf6 19. Nd2 Qe8 20. f3 Qg6 21. Rg1 Kf7 22. Nc3
h5 23. Qe2 Rh8 24. Kg2 hxg4 25. hxg4 Rh4 26. Rh1 Rah8 27. Rxh4 Rxh4 28. Rh1
Nxg4 29. fxg4 Bxg4 30. Qd3 Rxh1 31. Kxh1 Bh5 32. Nf3 g4 33. Nh4 Qg5 34. Nf5 g3
35. Bd1 Bg6 36. Qe2 Bxf5 37. exf5 Qh4+ 38. Kg1 Kf6 39. Ne4+ Kxf5 40. Bc2 Qh2+
41. Qxh2 gxh2+ 42. Kxh2 Kg4 43. Kg2 f3+ 44. Kf2 Kf4 45. Bd3 Bh8 46. Bc2 Bg7 47.
Bd3 Kg4 48. Bc2 Kf4 49. Bd3 Bh6 50. Bc2 Bf8 51. Bd3 Be7 52. Bc2 Bh4+ 53. Kf1
Ke3 54. Bb1 Kd4 55. Nd2 Ke3 56. Ne4 Be7 57. Bc2 Bh4 58. Bb1 f2 59. b3 Kd4 60.
bxa4 Kxc4 61. Ke2 Kxd5 62. a5 Kc6 63. Bd3 d5 64. Nc3 c4 65. Bg6 d4 66. Be8+ Kb7
67. Nd5 d3+ 68. Kf1 d2 69. Ba4 c6 70. Ne3 c3 71. Nd1 Ka6 72. Nxc3 Kxa5 73. Bxc6
Kb6 74. Bf3 Kc5 75. Ne4+ Kd4 76. Nxd2 Ke3 77. Nc4+ Kd4 78. Be2 e4 79. a4 Kc5
80. a5 1/2-1/2